000
00341nam a22001457a 4500
008
230707b ||||| |||| 00| 0 eng d
020
_a
5913919
041
_a
eng
080
_2
SECOND EDITION
_a
159.9
082
_a
159.9CRO
100
_a
25
101
_a
PSI
245
_a
ESSENTIALS OF PSYCHOLOGICAL TESTING
_c
CRONBACH
942
_2
udc
_c
BK
999
_c
60121
_d
60121